guess the extreme demon by hint - Statistics

General Stats
  • This quiz has been taken 7 times
  • The average score is 5 of 15
Answer Stats
Hint Answer % Correct
krmals hardest level XO
86%
april fools level low death
57%
PLEASE ADOPT ME misfire
57%
not down bass bass cave
43%
lemons has a horrible part Carnage mode
43%
femgram LIMBO
43%
tech died at the last ufo necromancer
43%
ouroboros? ouroboros startpos 2
43%
last level in a series with penises cybernetic crescent
29%
former shortest extreme kowareta
29%
nong is finale by toby fox Nowdead
29%
verifier of old orochi made this subsuming vortex
14%
a straight line between two places beeline
0%
every end
0%
localized emission of electromagnetic radiation solar flare
0%
No matching quizzes found
Score Distribution
Percent of People with Each Score
Percentile by Number Answered
Your Score History
You have not taken this quiz